LEADER 01111nam--2200373---450- 001 990005833380203316 005 20130419135653.0 010 $a978-1-59158-910-5 035 $a000583338 035 $aUSA01000583338 035 $a(ALEPH)000583338USA01 035 $a000583338 100 $a20130419d2012----km-y0itay50------ba 101 $aeng 102 $aUS 105 $a||||||||001yy 200 1 $a<> American public library handbook$fGuy A. Marco 210 $aSanta Barbara [etc.]$cLibraries unlimited$d2012 215 $aXIX, 533 p.$d24 cm 410 0$12001 454 1$12001 606 0 $aBiblioteche pubbliche$yStati Uniti d'America$2BNCF 676 $a027.473 700 1$aMARCO,$bGuy A.$0616769 801 0$aIT$bsalbc$gISBD 912 $a990005833380203316 951 $aI.2.A. 221$b239617 L.M.$cI.2.A.$d00291883 959 $aBK 969 $aUMA 979 $aALESSANDRA$b90$c20130419$lUSA01$h1351 979 $aALESSANDRA$b90$c20130419$lUSA01$h1356 979 $aALESSANDRA$b90$c20130419$lUSA01$h1356 996 $aAmerican public library handbook$91088554 997 $aUNISA